Finite-Size-Scaling. Vol.2

Gespeichert in:
Bibliographische Detailangaben
Format: Buch
Sprache:Englisch
Veröffentlicht: Amsterdam : Elsevier, 1988
Schlagworte:
Tags: Tag hinzufügen
Keine Tags, Fügen Sie das erste Tag hinzu!

MARC

LEADER 00000nam a22000003a 4500
001 stu44765
005 20150408180420.8
008 950612s1988----ne------------------eng-d
020 |a 0-444-87110-1 
040 |a STU  |b slo 
041 0 |a eng 
044 |a ne 
080 |a 531.7 
245 |a Finite-Size-Scaling. Vol.2 
260 |a Amsterdam :  |b Elsevier,  |c 1988 
300 |a 373 s 
650 7 |a meranie fyzikálne  |2 stusub 
650 7 |a meranie  |2 stusub 
650 7 |a mechanika  |2 stusub 
996 |b 284M025895  |c M*9195/2-1  |l MMKN  |s A  |a 24  |w stu44765_0001